Дифференциальный метод определения скорости перемещения контакта при линейном касании взаимоогибаемых поверхностей; Известия Томского политехнического университета [Известия ТПУ]; Т. 308, № 6

Bibliografiska uppgifter
Parent link:Известия Томского политехнического университета [Известия ТПУ]/ Томский политехнический университет (ТПУ).— , 2000-
Т. 308, № 6.— 2005.— [С. 129-132]
Huvudupphovsman: Виноградов А. Б.
Sammanfattning:Заглавие с титульного листа
Электронная версия печатной публикации
Излагается дифференциальный метод определения скорости контакта по огибаемой и огибающей поверхности. Предложенным методом произведено исследование скорости перемещения контакта по поверхности зуба колеса в ортогональной глобоидной передаче с исходным цилиндрическим эвольвентным колесом.
Språk:ryska
Publicerad: 2005
Serie:Технические науки
Ämnen:
Länkar:http://www.lib.tpu.ru/fulltext/v/Bulletin_TPU/2005/v308/i6/29.pdf
Materialtyp: MixedMaterials Elektronisk Bokavsnitt
KOHA link:https://koha.lib.tpu.ru/cgi-bin/koha/opac-detail.pl?biblionumber=170894

MARC

LEADER 00000nla2a2200000 4500
001 170894
005 20231031163842.0
035 |a (RuTPU)RU\TPU\book\185320 
035 |a RU\TPU\book\185270 
090 |a 170894 
100 |a 20091128d2005 k y0rusy50 ca 
101 0 |a rus 
102 |a RU 
135 |a drnn ---uucaa 
181 0 |a i  
182 0 |a b 
200 1 |a Дифференциальный метод определения скорости перемещения контакта при линейном касании взаимоогибаемых поверхностей  |b Электронный ресурс  |f А. Б. Виноградов 
203 |a Текст  |c электронный 
215 |a 1 файл (387 Кб) 
225 1 |a Технические науки 
230 |a Электронные текстовые данные (1 файл : 387 Кб) 
300 |a Заглавие с титульного листа 
300 |a Электронная версия печатной публикации 
320 |a [Библиогр.: с. 132 (2 назв.)] 
330 |a Излагается дифференциальный метод определения скорости контакта по огибаемой и огибающей поверхности. Предложенным методом произведено исследование скорости перемещения контакта по поверхности зуба колеса в ортогональной глобоидной передаче с исходным цилиндрическим эвольвентным колесом. 
337 |a Adobe Reader 
461 1 |0 (RuTPU)RU\TPU\book\176237  |t Известия Томского политехнического университета [Известия ТПУ]  |f Томский политехнический университет (ТПУ)  |d 2000- 
463 1 |0 (RuTPU)RU\TPU\book\185177  |t Т. 308, № 6  |v [С. 129-132]  |d 2005  |p 275 с. 
610 1 |a дифференциальный метод 
610 1 |a скорость 
610 1 |a перемещения 
610 1 |a контакты 
610 1 |a линейные касания 
610 1 |a огибаемые поверхности 
610 1 |a огибающие поверхности 
610 1 |a колеса 
610 1 |a глобоидные передачи 
610 1 |a цилиндрические колеса 
610 1 |a эвольвентные колеса 
610 1 |a электронный ресурс 
700 1 |a Виноградов  |b А. Б. 
801 1 |a RU  |b 63413507  |c 20090623  |g PSBO 
801 2 |a RU  |b 63413507  |c 20211013  |g PSBO 
856 4 |u http://www.lib.tpu.ru/fulltext/v/Bulletin_TPU/2005/v308/i6/29.pdf 
942 |c CF